Obce okresu Olomouc - Statistics

General Stats
  • This quiz has been taken 66 times
  • The average score is 31 of 97
Answer Stats
Počet obyvatel Odpověď % Correct
103 063 Olomouc
100%
9 510 Litovel
96%
11 237 Uničov
89%
13 239 Šternberk
86%
3 555 Štěpánov
82%
3 779 Velká Bystřice
79%
4 208 Hlubočky
71%
1 445 Červenka
68%
1 548 Grygov
64%
3 132 Lutín
57%
2 804 Moravský Beroun
54%
2 679 Horka nad Moravou
50%
1 415 Velký Újezd
50%
2 534 Bohuňovice
46%
624 Daskabát
46%
2 961 Dolany
46%
1 757 Senice na Hané
46%
1 509 Újezd
46%
655 Blatec
43%
1 632 Dub nad Moravou
43%
721 Mladeč
43%
2 210 Náměšť na Hané
43%
1 451 Přáslavice
43%
3 205 Velký Týnec
43%
2 302 Bělkovice-Lašťany
39%
1 526 Bouzov
39%
1 974 Dlouhá Loučka
39%
1 497 Náklo
39%
1 316 Příkazy
39%
867 Štarnov
39%
870 Kožušany-Tážaly
36%
1 277 Paseka
36%
1 350 Samotišky
36%
1 578 Slatinice
36%
609 Střeň
36%
863 Bystročice
32%
1 089 Hlušovice
32%
632 Jívová
32%
888 Luká
32%
560 Město Libavá
32%
1 843 Troubelice
32%
1 399 Věrovany
32%
458 Babice
29%
1 166 Bílá Lhota
29%
994 Bystrovany
29%
719 Cholina
29%
485 Domašov nad Bystřicí
29%
1 903 Hněvotín
29%
484 Krčmaň
29%
653 Tovéř
29%
934 Charváty
25%
1 810 Drahanovice
25%
646 Hnojice
25%
574 Huzová
25%
2 009 Křelov-Břuchotín
25%
1 711 Medlov
25%
730 Mladějovice
25%
751 Nová Hradečná
25%
1 006 Pňovice
25%
357 Senička
25%
1 142 Skrbeň
25%
1 666 Šumvald
25%
1 885 Tršice
25%
1 338 Doloplazy
21%
354 Domašov u Šternberka
21%
496 Haňovice
21%
221 Komárov
21%
621 Liboš
21%
170 Lipina
21%
214 Loučka
21%
1 188 Majetín
21%
1 350 Těšetice
21%
456 Žerotín
21%
276 Měrotín
18%
474 Ústín
18%
697 Bukovany
14%
260 Hlásnice
14%
339 Horní Loděnice
14%
615 Loučany
14%
698 Mrsklesy
14%
253 Želechovice
14%
281 Dubčany
11%
141 Hraničné Petrovice
11%
266 Kozlov
11%
186 Lipinka
11%
508 Luběnice
11%
411 Lužice
11%
251 Norberčany
11%
184 Řídeč
11%
160 Strukov
11%
436 Vilémov
11%
237 Bílsko
7%
45 Mutkov
7%
221 Olbramice
7%
298 Svésedlice
7%
206 Slavětín
4%
180 Suchonice
4%
No matching quizzes found
Score Distribution
Percent of People with Each Score
Percentile by Number Answered
Your Score History
You have not taken this quiz